Library Logo

Pioneer International University Library Catalogue

Complete poems of William Shakespeare/ (Record no. 10023)

MARC details
000 -LEADER
fixed length control field 00716nam a22002297a 4500
003 - CONTROL NUMBER IDENTIFIER
control field OSt
005 - DATE AND TIME OF LATEST TRANSACTION
control field 20260401113908.0
008 - FIXED-LENGTH DATA ELEMENTS--GENERAL INFORMATION
fixed length control field 260401b |||||||| |||| 00| 0 eng d
020 ## - INTERNATIONAL STANDARD BOOK NUMBER
International Standard Book Number 0517093820
040 ## - CATALOGING SOURCE
Transcribing agency GRAMERCY BOOKS
041 ## - LANGUAGE CODE
Language code of text/sound track or separate title english
050 ## - LIBRARY OF CONGRESS CALL NUMBER
Classification number PR 2841 .S53 1993
Item number .S53 1993
100 ## - MAIN ENTRY--PERSONAL NAME
Personal name Shakespeare, William,
Dates associated with a name 1564-1616.
245 ## - TITLE STATEMENT
Title Complete poems of William Shakespeare/
Statement of responsibility, etc. William Shakespeare
250 ## - EDITION STATEMENT
Edition statement 1st edition.
260 ## - PUBLICATION, DISTRIBUTION, ETC.
Place of publication, distribution, etc. New York :
Name of publisher, distributor, etc. Gramercy books,
Date of publication, distribution, etc. 1993.
300 ## - PHYSICAL DESCRIPTION
Extent 239 pages,
Other physical details Hardcover, ill. : col ;
Dimensions 21.5 cm
504 ## - BIBLIOGRAPHY, ETC. NOTE
Bibliography, etc. note Includes bibliographical references.
650 ## - SUBJECT ADDED ENTRY--TOPICAL TERM
Topical term or geographic name entry element Poetry, English
650 ## - SUBJECT ADDED ENTRY--TOPICAL TERM
Topical term or geographic name entry element Shakespeare, William
General subdivision Poetry.
942 ## - ADDED ENTRY ELEMENTS (KOHA)
Source of classification or shelving scheme Library of Congress Classification
Koha item type Books
Edition 1st ed.
Suppress in OPAC No
Holdings
Withdrawn status Lost status Source of classification or shelving scheme Damaged status Not for loan Home library Current library Date acquired Total checkouts Full call number Barcode Date last seen Price effective from Koha item type
    Library of Congress Classification     PIU Library Main Library 04/01/2026   PR 2841 .S53 1993 PIUDLMUR960 04/01/2026 04/01/2026 Books